| 000 | 00381nam a22001697a 4500 | ||
|---|---|---|---|
| 003 | CEME | ||
| 005 | 20210628204008.0 | ||
| 008 | 210106b xxu||||| |||| 00| 0 eng d | ||
| 020 | _a0140236287 | ||
| 040 | _c. | ||
| 082 | _a823 BAR | ||
| 100 |
_aBarker, Pat _968179 |
||
| 245 | _aThe chost road | ||
| 260 |
_aENGLAND _bPENGUIN BOOKS _c1996 |
||
| 300 | _a277P | ||
| 942 |
_cBK _2ddc |
||
| 999 |
_c575806 _d575806 |
||